000 00684nam a2200193Ii 4500
003 JO-AjNU
008 230605s9999||||xx |||||||||||||| ||und||
040 _aJO-AjNU
_bara
_erda
_cJO-AjNU
041 _aara
050 1 4 _aHM62.A7.M8564 1974
100 3 _aتأليف غيث، محمد عاطف,
_eauthor
_936859
245 0 0 _aعلم الاجتماع: دراسات تطبيقية
264 3 1 _aبيروت: دار النهضة العربية، 1974
300 _a176ص
_bيحتوي على ببلوغرافية من 171-176ص
336 _atext
_btxt
_2rdacontent
337 _aunmediated
_bn
_2rdamedia
338 _avolume
_bnc
_2rdacarrier
650 4 _aعلم الاجتماع
_936860
999 _aA15351
_c18919
_d18919